Cristo y las religiones de la tierra: manual de historia de la religión

Saved in:
Bibliographic Details
Format: Book
Language:Spanish
Published: Madrid Biblioteca de Autores Cristianos 1960
Series:Biblioteca de Autores Cristianos
Subjects:
Tags: Add Tag
No Tags, Be the first to tag this record!

MARC

LEADER 00000nam a2200000 a 4500
001 UCL5103
003 CL-VaPUC
008 040305e19600000SP |||||||||||||||||spa|d
082 0 4 |a 291  |b CRI  |2 21 
245 1 0 |a Cristo y las religiones de la tierra: manual de historia de la religión 
300 |a v 
942 |c BK 
945 |d 20040305 00:00:00  |a vberengu 
260 |a Madrid  |b Biblioteca de Autores Cristianos  |c 1960 
500 |a v.1: El mundo prehistórico y protohistórico 
500 |a v.2: Religiones de los pueblos y de las culturas de la antigüedad 
500 |a v.3: Las grandes religiones no cristianas hoy existentes 
500 |a  El cristianismo  
650 7 |a RELIGIONES - HISTORIA  |2 CL-VaPUC  |9 313209 
650 0 |a Religión   |9 255164 
650 0 |a Cristianismo  |9 257361 
583 |a last modification  |c 20040305 00:00:00  |k Rodrigo Vera 
490 0 |a Biblioteca de Autores Cristianos 
999 |c 307772  |d 307770 
952 |0 0  |1 0  |4 0  |6 291_000000000000000_CRI_1960  |7 0  |8 A  |9 373885  |a BIBTEO  |b BIBTEO  |d 2019-11-21  |h v.1  |i 2104008  |o 291 CRI 1960  |p 2104008  |r 2024-01-18  |w 2019-11-21  |y BK  |k ICR 
952 |0 0  |1 0  |4 0  |6 291_000000000000000_CRI_1960  |7 0  |8 A  |9 373886  |a BIBTEO  |b BIBTEO  |d 2019-11-21  |h v.1  |i 2104016  |o 291 CRI 1960  |p 2104016  |r 2024-01-18  |w 2019-11-21  |y BK  |k ICR 
952 |0 0  |1 0  |4 0  |6 291_000000000000000_CRI_1960  |7 0  |8 A  |9 373887  |a BIBTEO  |b BIBTEO  |d 2019-11-21  |h v.2  |i 2104024  |o 291 CRI 1960  |p 2104024  |r 2024-01-18  |w 2019-11-21  |y BK  |k ICR 
952 |0 0  |1 0  |4 0  |6 291_000000000000000_CRI_1960  |7 0  |8 A  |9 373888  |a BIBTEO  |b BIBTEO  |d 2019-11-21  |h v.3  |i 2104032  |o 291 CRI 1960  |p 2104032  |r 2024-01-18  |w 2019-11-21  |y BK  |k ICR